Globalization and sovereignty : (Record no. 113404)

MARC details
000 -LEADER
campo de control de longitud fija 03267cam a22004694i 4500
001 - NÚMERO DE CONTROL
campo de control 17235135
003 - IDENTIFICADOR DE NÚMERO DE CONTROL
campo de control BJBSDDR
005 - FECHA Y HORA DE LA ÚLTIMA TRANSACCIÓN
campo de control 20230411090604.0
007 - CAMPO FIJO DE DESCRIPCIÓN FÍSICA--INFORMACIÓN GENERAL
campo de control de longitud fija ta
008 - DATOS DE LONGITUD FIJA--INFORMACIÓN GENERAL
campo de control de longitud fija 120330s2014 enk b 000 0 eng
010 ## - NÚMERO DE CONTROL DE LA BIBLIOTECA DEL CONGRESO
Número de control de LC 2012012601
020 ## - NÚMERO INTERNACIONAL ESTÁNDAR DEL LIBRO
Número Internacional Estándar del Libro 9780521148450 (paperback)
020 ## - NÚMERO INTERNACIONAL ESTÁNDAR DEL LIBRO
Número Internacional Estándar del Libro 0521148456 (paperback)
040 ## - FUENTE DE CATALOGACIÓN
Centro catalogador/agencia de origen DLC
Lengua de catalogación spa
Centro/agencia transcriptor DLC
Normas de descripción rda
041 ## - CÓDIGO DE IDIOMA
Código de lengua del texto/banda sonora o título independiente eng
042 ## - CÓDIGO DE AUTENTICACIÓN
Código de autenticación pcc
050 00 - SIGNATURA TOPOGRÁFICA DE LA BIBLIOTECA DEL CONGRESO
Número de clasificación JZ 4034
Número de ítem C678g 2014
082 00 - NÚMERO DE LA CLASIFICACIÓN DECIMAL DEWEY
Número de clasificación 320.1/5
Número de edición 23
084 ## - OTRO NÚMERO DE CLASIFICACIÓN
Número de clasificación POL010000
Fuente del número bisacsh
100 1# - ENTRADA PRINCIPAL--NOMBRE DE PERSONA
Nombre de persona Cohen, Jean L.
Forma completa/desarrollada del nombre (Jean Louise),
Fechas asociadas al nombre 1946-
9 (RLIN) 10514
245 10 - MENCIÓN DEL TÍTULO
Título Globalization and sovereignty :
Resto del título rethinking legality, legitimacy and constitutionalism /
Mención de responsabilidad, etc. Jean L. Cohen.
264 #1 - PRODUCCIÓN, PUBLICACIÓN, DISTRIBUCIÓN, FABRICACIÓN Y COPYRIGHT
Producción, publicación, distribución, fabricación y copyright Cambridge :
Nombre del de productor, editor, distribuidor, fabricante Cambridge University Press,
Fecha de producción, publicación, distribución, fabricación o copyright 2014.
300 ## - DESCRIPCIÓN FÍSICA
Extensión xii, 442 pages ;
Dimensiones 24 cm
336 ## - TIPO DE CONTENIDO
Término de tipo de contenido text
Fuente rdacontent
337 ## - TIPO DE MEDIO
Nombre/término del tipo de medio unmediated
Fuente rdamedia
338 ## - TIPO DE SOPORTE
Nombre/término del tipo de soporte volume
Fuente rdacarrier
504 ## - NOTA DE BIBLIOGRAFÍA, ETC.
Nota de bibliografía, etc. Includes bibliographical references.
505 8# - NOTA DE CONTENIDO CON FORMATO
Nota de contenido con formato Machine generated contents note: Introduction; 1. Sovereignty in the context of globalisation: a constitutional pluralist approach; 2. Constitutionalism and political form: rethinking federation; 3. International human rights, sovereignty and global governance: toward a new political conception; 4. Sovereignty and human rights in 'post conflict' constitution-making: toward a jus post-bellum for interim occupations; 5. Security council activism in the 'war on terror': legality and legitimacy reconsidered; Conclusion.
520 ## - RESUMEN, ETC.
Sumario, etc. "Sovereignty and the sovereign state are often seen as anachronisms; Globalisation and Sovereignty challenges this view. Jean L. Cohen analyses the new sovereignty regime emergent since the 1990s evidenced by the discourses and practice of human rights, humanitarian intervention, transformative occupation and the UN targeted sanctions regime that blacklists alleged terrorists. Presenting a systematic theory of sovereignty and its transformation in international law and politics, Cohen argues for the continued importance of sovereign equality. She offers a theory of a dualistic world order comprising an international society of states and a global political community in which human rights and global governance institutions affect the law, policies and political culture of sovereign states. She advocates the constitutionalisation of these institutions, within the framework of constitutional pluralism. This book will appeal to students of international political theory and law, political scientists, sociologists, legal historians and theorists of constitutionalism"--
Fuente proveedora Provided by publisher.
650 #0 - PUNTO DE ACCESO ADICIONAL DE MATERIA--TÉRMINO DE MATERIA
Término de materia o nombre geográfico como elemento de entrada Sovereignty.
650 #4 - PUNTO DE ACCESO ADICIONAL DE MATERIA--TÉRMINO DE MATERIA
Término de materia o nombre geográfico como elemento de entrada Soberanía
9 (RLIN) 2569
650 #0 - PUNTO DE ACCESO ADICIONAL DE MATERIA--TÉRMINO DE MATERIA
Término de materia o nombre geográfico como elemento de entrada International relations.
650 #4 - PUNTO DE ACCESO ADICIONAL DE MATERIA--TÉRMINO DE MATERIA
Término de materia o nombre geográfico como elemento de entrada Relaciones internacionales
9 (RLIN) 154
650 #0 - PUNTO DE ACCESO ADICIONAL DE MATERIA--TÉRMINO DE MATERIA
Término de materia o nombre geográfico como elemento de entrada International law.
650 #0 - PUNTO DE ACCESO ADICIONAL DE MATERIA--TÉRMINO DE MATERIA
Término de materia o nombre geográfico como elemento de entrada Derecho internacional
9 (RLIN) 3007
650 #0 - PUNTO DE ACCESO ADICIONAL DE MATERIA--TÉRMINO DE MATERIA
Término de materia o nombre geográfico como elemento de entrada Globalization
Subdivisión general Political aspects.
650 #4 - PUNTO DE ACCESO ADICIONAL DE MATERIA--TÉRMINO DE MATERIA
Término de materia o nombre geográfico como elemento de entrada Globalización
9 (RLIN) 7771
Subdivisión general Aspectos políticos
856 42 - LOCALIZACIÓN Y ACCESO ELECTRÓNICOS
Materiales especificados Cover image
Identificador Uniforme de Recursos <a href="http://assets.cambridge.org/97805217/65855/cover/9780521765855.jpg">http://assets.cambridge.org/97805217/65855/cover/9780521765855.jpg</a>
906 ## - ELEMENTOS DE DATOS F LOCAL, LDF (RLIN)
a 7
b cbc
c orignew
d 1
e ecip
f 20
g y-gencatlg
942 ## - ELEMENTOS DE ENTRADA SECUNDARIOS (KOHA)
Fuente del sistema de clasificación o colocación Clasificación de Library of Congress
Tipo de ítem Koha Libro
Holdings
Estatus retirado Estado de pérdida Fuente del sistema de clasificación o colocación Estado de daño No para préstamo Colección Biblioteca de origen Biblioteca actual Ubicación en estantería Fecha de adquisición Signatura topográfica completa Código de barras Visto por última vez Copia número Tipo de ítem Koha
    Clasificación de Library of Congress     Ciencias Sociales Biblioteca Juan Bosch Biblioteca Juan Bosch Ciencias Sociales (3er. Piso) 14/10/2019 JZ 4034 C678g 2014 00000140017 14/10/2019 1 Libro